MARC

LEADER 00000nab a2200000 ar4500
001 vtls010265724
003 SK-MaSNL
005 20260303231057.0
008 110322c2011 xo mr|p|||||||000 b|slo
038 |a PPPK 
040 |a PPPKCL  |b slo  |c PPPKCL  |e AACR2 
041 0 |a slo 
044 |a xo  |c SK 
080 |a 792.077.079  |2 2001 
100 1 |a Humeník, Pavol,  |d 1963-  |4 aut  |9 240569 
245 1 0 |a Z divadelnej Šuňavy prvenstvo aj pre Kežmarčanov  |c Humeník 
610 2 7 |a Základná umelecká škola Antona Cígera (Kežmarok, Slovensko)  |2 pppkcl  |9 546120 
611 2 7 |a Divadelná Šuňava  |n (19. :  |d 2011 :  |c Šuňava, Slovensko)  |2 pppkcl  |9 1203806 
648 7 |a 25.-27.2.2011  |2 pppkcl  |9 1203807 
650 0 7 |a amatérske divadlo  |2 pppkcl  |9 3348 
650 0 7 |a divadelné festivaly a prehliadky  |2 pppkcl  |9 3350 
650 0 7 |a umelecké školy  |2 pppkcl  |9 29319 
651 7 |a Šuňava (Slovensko)  |2 pppkcl  |9 54576 
651 7 |a Poprad (Slovensko : okres)  |2 pppkcl  |9 28675 
651 7 |a Kežmarok (Slovensko)  |2 pppkcl  |9 26808 
773 0 |t Kežmarok  |g Roč. XIX, č. 5 (2011), s. 9 
852 |a PPPK  |b KIS3GCP 
999 |c 2265069  |d 2266999